| 000 | 00659nam a2200229Ia 4500 | ||
|---|---|---|---|
| 003 | OSt | ||
| 005 | 20220927104726.0 | ||
| 006 | a|||||r|||| 00| 0 | ||
| 007 | ta | ||
| 008 | 220926b |||||||| |||| 00| 0 eng d | ||
| 024 | _a147260 | ||
| 037 | _cReference Collections | ||
| 040 |
_aRTL _cRTL _beng |
||
| 041 |
_2eng _aeng |
||
| 082 | _a"X:2.252r, L6/GD" | ||
| 110 |
_aUTTAR PRADESH AND STATISTICS(DIVISION) _9366886 |
||
| 245 | 0 | _aDistrict domestic net output Uttar Pradesh. | |
| 260 | _c1977 | ||
| 700 |
_aUTTAR PRADESH AND STATISTICS(DIVISION) _9366887 |
||
| 942 |
_h"X:2.252r, L6/GD" _cCC |
||
| 999 |
_c688373 _d688373 |
||